Представление документа в формате MARC21

Поле Инд. ПП Название Значение
Тип записи a
Библиографический уровень b
001 Контрольный номер RU/IS/BASE/128608236
005 Дата корректировки 20200630193302.8
084 a Индекс другой классификации/Индекс ББК 60.451.1; 66.3(2Рос),13; 63.3(2)6-3
100 1_ a Автор Крыштановская О. В.
245 a Заглавие Бывшие. Тенденции нисходящей мобильности российской элиты
500 a Примечание Продолжение. Начало см.: № 5 / 2003
504 a Библиография Библиогр.: с. 77
650 a Основная рубрика внутренняя политика
a Основная рубрика история
a Основная рубрика политика
a Основная рубрика социология
a Основная рубрика социология групп
653 a Ключевые слова XX век
a Ключевые слова возраст элитных групп
a Ключевые слова историческая социология
a Ключевые слова партийная номенклатура
a Ключевые слова политическая элита
a Ключевые слова политические отношения
a Ключевые слова региональная элита
a Ключевые слова Россия
a Ключевые слова советская номенклатура
a Ключевые слова социальное положение
a Ключевые слова СССР
773 t Заглавие источника Общественные науки и современность
d Дата издания источника 2003
g Прочая информация № 6. - С. 62 - 77 : табл., диагр., схем.
w Контрольный № источника RU/IS/BASE/123862077
901 t Тип документа b